| 000 | 01315nam a2200433 a 4500 | ||
|---|---|---|---|
| 003 | AR-BaBNM | ||
| 005 | 20251128205733.0 | ||
| 008 | 082120s2002 ||||||||||||||000 | spa|| | ||
| 020 | _a84-7738-115-1 | ||
| 040 | _cAR-BaBNM | ||
| 245 | 0 | 0 | _aIdeas y actividades para enseñar álgebra |
| 250 | _a1ª ed. | ||
| 260 |
_aMadrid _bSíntesis _c1993 |
||
| 300 |
_a200 p. _bil. |
||
| 490 | 0 |
_aMatemáticas: cultura y aprendizaje _vv. 33 |
|
| 500 | _aEl grupo Azarquiel lo conforman los autores del texto | ||
| 504 | _aBibliografía p. 199-200 | ||
| 650 | 4 | _aENSEÑANZA DE LAS MATEMATICAS | |
| 650 | 4 | _aMATEMATICA | |
| 650 | 4 | _aALGEBRA | |
| 650 | 4 | _aCONCEPTOS ALGEBRAICOS | |
| 650 | 4 | _aSIMBOLOS | |
| 650 | 4 | _aECUACIONES | |
| 650 | 4 | _aDIFICULTADES EN EL APRENDIZAJE | |
| 650 | 4 | _aGUIA DEL DOCENTE | |
| 650 | 4 | _aDESTREZAS | |
| 650 | 4 | _aJUEGOS EDUCATIVOS | |
| 650 | 4 | _aPASATIEMPOS | |
| 653 | _aPROCESO DE ENSEÑANZA-APRENDIZAJE | ||
| 700 | 1 |
_aAlonso, Fernando _ecolaborador |
|
| 700 | 1 |
_aBarbero, Carmen _ecolaborador |
|
| 700 | 1 |
_aFuentes, Inmaculada _ecolaborador |
|
| 700 | 1 |
_aAzcárate, Ana G. _ecolaborador |
|
| 700 | 1 |
_aDozagarat, Juan M.G. _ecolaborador |
|
| 700 | 1 |
_aGutiérrez, Santiago _ecolaborador |
|
| 700 | 1 |
_aRivière, Vicente _ecolaborador |
|
| 942 | _cBK | ||
| 998 | _cCarmen | ||
| 999 |
_c12616 _d12616 |
||